000 00681nam a2200253Ia 4500
003 OSt
005 20220918180804.0
006 a|||||r|||| 00| 0
007 ta
008 220917b |||||||| |||| 00| 0 eng d
024 _a24,127
037 _cTextual
040 _aARTS
_cARTS
_beng
041 _2eng
_aeng
082 _aO111:g, N4
100 _aGugler Josef
_957080
245 0 _aLiterary theory and African literature
260 _aHamburg
_bLIT Verlag
_c1994
300 _axiii,172p.
_ccm.
490 _aBeitrage Zur Afrikaforschung; 3
650 _aENGLISH LITERATURE
942 _hO111:g, N4
_cTEXL
_2CC
999 _c163113
_d163113